000 01283cam a22003737a 4500
003 CHAP
005 20220817043942.0
008 040622d2003 mx a r 00110 spa d
010 _a88558
011 _a89530
035 _a100081
040 _cCHAP
090 _aTesis
100 0 0 _aMayorga Chávez, Rosa Anabey.
_973276
245 1 0 _aImpacto del manejo de cafetales sobre algunas propiedades del suelo y su productividad
_c/por Rosa Anabey Mayorga Chávez
260 _aMontecillo, Méx. :
_bEl autor,
_c2003.
300 _a113 h. :
_bilus.
502 _aTesis (M.C.) - - C.P. Instituto de Recursos Naturales. Programa de Edafología
590 _aALEPH
_b10
_c20130110
_lUCH01
_h1459
590 _aBATCH-UPD
_b10
_c20130110
_lUCH01
_h0854
590 _aBATCH-UPD
_b10
_c20130410
_lUCH01
_h0526
590 _aBATCH-UPD
_b10
_c20130913
_lUCH01
_h2231
590 _aCONVERSION
_b10
_c20130109
_lUCH01
_h1349
650 1 4 _aAgricultura orgánica.
_92005
650 1 4 _aCafé orgánico.
_917217
650 1 4 _aCafé
_xRendimiento.
_917196
650 1 4 _aCafé
_zVeracruz.
650 1 4 _aCafeticultores.
_917080
650 1 4 _aSuelos cafetaleros.
_9110538
901 _aBK
905 _aAlejandra Carrasco M.
942 _cTESIS
949 _aTesis
_bBC
_cTES
_d1000811
_eTS1
_h42198
_i100081
_sb
999 _c88558
_d88558